header

Handbook of U.S. labor statistics (Record no. 65113)

MARC details
000 -LEADER
fixed length control field 01860nam a2200361Ia 4500
029 1# - (OCLC)
-- ocm54346263
245 00 - TITLE STATEMENT
Title Handbook of U.S. labor statistics
250 ## - EDITION STATEMENT
Edition statement 7th ed., 2004.
260 ## - PUBLICATION, DISTRIBUTION, ETC. (IMPRINT)
Place of publication Lanham, MD :
Name of publisher Bernan Press,
Year of publication c2004.
300 ## - PHYSICAL DESCRIPTION
Number of Pages xxii, 471 p. :
Other physical details chiefly tables.
500 ## - GENERAL NOTE
General note Includes index.
505 2# - FORMATTED CONTENTS NOTE
Formatted contents note Population, labor force, and employment status -- Employment, hours, and earnings -- Occupational employment and wages -- Projections of labor force and employment by industry and occupation -- Productivity and costs -- Compensation of employees -- Prices and living conditions -- Consumer expenditures -- Occupational safety and health -- Labor management relations -- Foreign labor and price statistics.
650 #0 - SUBJECT ADDED ENTRY--TOPICAL TERM
Topical Term Labor
Topical Term Statistics.
700 1# - ADDED ENTRY--PERSONAL NAME
Personal name Jacobs, Eva E.
Personal name Ryan, Mary Meghan.
856 40 - ELECTRONIC LOCATION AND ACCESS
Uniform Resource Identifier http://site.ebrary.com/lib/rucke/Doc?id=10052973

No items available.

© 2026 Rongo University
Contact us: librarian | system librarian | Rongo university